000 00644nam a2200193Ia 4500
999 _c54486
_d54486
003 GCL
005 20240530105253.0
008 140319s9999 xx 000 0 ara d
040 _aGCL /
_cGCL
082 0 4 _a267
_bح م
100 1 _aحسن الشيخ الفاتح الشيخ
245 1 0 _aالمنهج الصوفى: فى التربية والدعوة الى الله /
_cحسن الشيخ الفاتح الشيخ
260 _a[S.N] :
_bدار الجيل ،
_c1991
300 _a86 ص
650 0 4 _aالتصوف الاسلامى
650 0 4 _aالاخلاق الاسلامية
650 0 4 _aالفرق الصوفية
942 _2ddc
_cBK